000 00585nam a2200217 a 4500
001 0001-2161
003 ELIB.Books
008 190725 2010 eng
020 _a0802821775
092 _a261.8
_bBla
100 _aBlankkenhorn, David
245 _aDoes Christianity Teach Male Headship?
260 _aGrand Rapids
_bWilliam B. Eerdmans Publishing Company
_c2004
300 _a141
_c23cm
650 _aMarriage
856 _nKBTS Library
_uKBTS Elib
942 _2ddc
_cBK
990 _a1
998 _aEnglishbooks.elf
_ccat
_e2019-07-25
999 _c12161
_d12161